Caricamento...

Dictionary of Digital Journalism

Dettagli Bibliografici
Autore principale: Ramachandra Durai
Natura: Printed Book
Pubblicazione: Author Press,New Delhi 2005
LEADER 00335nam a2200109 4500
082
100 |a Ramachandra Durai 
245 |a Dictionary of Digital Journalism  |c Ramachandra Durai 
260 |a Author Press,New Delhi  |c 2005 
942 |c BK 
999 |c 197895  |d 197895 
952 |0 0  |1 0  |4 0  |7 0  |9 211244  |a DCI  |b DCI  |d 2019-10-29  |l 0  |p DCI4627  |r 2019-10-29  |w 2019-10-29  |y BK